Sexualidad del migrante: experiencias y derechos sexuales de centroamericanos en tránsito a los Estados Unidos /
Guardat en:
| Autor principal: | |
|---|---|
| Altres autors: | , , |
| Format: | Text |
| Etiquetes: |
Afegir etiqueta
Sense etiquetes, Sigues el primer a etiquetar aquest registre!
|
MARC
| LEADER | 00000 a a2200000 04500 | ||
|---|---|---|---|
| 001 | 47372 | ||
| 003 | |||
| 040 | |||
| 100 | |a Infante, César | ||
| 245 | |a Sexualidad del migrante: |b experiencias y derechos sexuales de centroamericanos en tránsito a los Estados Unidos / |c César Infante, Rubén Silván, Marta Caballero, Lourdes Campero | ||
| 700 | |a Silván, Rubén | ||
| 700 | |a Caballero, Marta | ||
| 700 | |a Campero, Lourdes | ||
| 773 | |g volumen55, (2013), páginas s58-s64 | ||
| 999 | |c 30309 |d 30309 | ||
